书目信息 |
| 题名: |
现代资本主义和经济危机
|
|
| 作者: | 瓦尔加 著 ;叶中林 译 | |
| 分册: | ||
| 出版信息: | 北京 三联书店 1975 |
|
| 页数: | 330页 | |
| 开本: | 19cm | |
| 丛书名: | ||
| 单 册: | ||
| 中图分类: | F113.7 , F11 | |
| 科图分类: | ||
| 主题词: | 经济危机--世界 | |
| 电子资源: | ||
| ISBN: | ||
| 000 | 00687nam0 2200253 45 | |
| 001 | 1550091244 | |
| 005 | 20150127135618.51 | |
| 010 | @dCNY0.83 | |
| 100 | @a19950705d1975 em y0chiy0121 ea | |
| 101 | 1 | @achi@crus |
| 102 | @aCN@b110000 | |
| 105 | @ay z 000yy | |
| 200 | 10 | @a现代资本主义和经济危机@Axian dai zi ben zhu yi he jing ji wei ji@f(苏)E.瓦尔加著@g叶中林等译 |
| 205 | @a2版 | |
| 210 | @a北京@c三联书店@d1975 | |
| 215 | @a330页@d19cm | |
| 606 | @a经济危机@y世界 | |
| 690 | @aF113.7@v3 | |
| 690 | @aF11@v4 | |
| 701 | 1 | @a瓦尔加@Awa er jia@bE.@4著 |
| 702 | 0 | @a叶中林@Aye zhong lin@4译 |
| 801 | 0 | @aCN@bTSSF@c20150127 |
| 801 | 2 | @aCN@bNLC |
| 905 | @aZUCC@dF11@eJY2=2 | |
| 现代资本主义和经济危机/(苏)E.瓦尔加著/叶中林等译.-2版.-北京:三联书店,1975 |
| 330页;19cm |
| ISBN :CNY0.83 |
| ● |
| 相关链接 |
|
|
|
|
正题名:现代资本主义和经济危机
索取号:F11/JY2=2
 
预约/预借
| 序号 | 登录号 | 条形码 | 馆藏地/架位号 | 状态 | 备注 |
| 1 | 7838060 | 278380609 | 学院路分馆/ [索取号:F11/JY2=2] | 在馆 | |
| 2 | 7838061 | 278380618 | 学院路分馆/ [索取号:F11/JY2=2] | 在馆 |